Smallest Countries Minefield Quiz Stats

 Plays Quiz Updated Jul 2, 2018

Challenge
Share
Tweet
Embed
Score 0/101 Timer 20:00
9 Plays Today
Rank Country % Correct
1???
71.7%
2???
62.2%
17???
58.6%
28???
58.2%
5???
58%
6???
57.7%
46???
47.1%
10???
44.9%
8???
43.2%
3???
42.5%
22???
42.2%
4???
41.7%
40???
41%
42???
40.5%
13???
40.3%
29???
40.1%
16???
40%
18???
39.9%
54???
39.6%
37???
39.2%
12???
39%
7???
38.9%
21???
38.9%
31???
38.9%
60???
37.8%
33???
37.7%
24???
37.4%
15???
37.3%
14???
37%
19???
36.9%
58???
36.6%
11???
36.3%
20???
36%
50???
35.4%
Rank Country % Correct
9???
35.1%
69???
34.1%
44???
33.7%
36???
33.4%
25???
32.9%
32???
32.4%
27???
32.4%
23???
32.2%
39???
31.2%
30???
30.6%
35???
30.4%
26???
30.1%
41???
29.9%
49???
29.7%
61???
29.6%
93???
29.5%
48???
29.4%
45???
29.1%
74???
28.9%
43???
28%
51???
27.1%
81???
26.8%
52???
26.6%
65???
26.5%
67???
26.5%
63???
25.6%
68???
25.6%
84???
25.4%
75???
25.4%
34???
25%
71???
24.8%
97???
24.5%
47???
24.4%
38???
24.4%
Rank Country % Correct
53???
23.8%
76???
23.7%
62???
23.4%
55???
23.4%
56???
23.3%
57???
23%
77???
22.6%
66???
22.6%
79???
22.4%
96???
21%
73???
20.7%
59???
20.4%
64???
20.2%
82???
20%
72???
19.9%
91???
19.2%
70???
19%
78???
18.8%
92???
18.5%
86???
17%
85???
16.3%
87???
16.2%
83???
15.3%
80???
14.7%
98???
14.6%
95???
14%
88???
13.3%
90???
13%
100???
12.6%
99???
12.5%
89???
12.4%
94???
10%
Mines???
6.1%

You're not logged in!

Compare scores with friends on all Sporcle quizzes.
OR
Log In

You Might Also Like...

Show Comments

Extras

Top Quizzes Today


Score Distribution

Your Account Isn't Verified!

In order to create a playlist on Sporcle, you need to verify the email address you used during registration. Go to your Sporcle Settings to finish the process.

Report this User

Report this user for behavior that violates our Community Guidelines.

Details: